Essential fiber chemistry /

Bibliographic Details
Main Author: Carter, Mary Eddie, 1925-2003
Format: Book
Language:English
Published: New York : M. Dekker, 1971.
Series:Fiber science series.
Subjects:

MARC

Tag First Indicator Second Indicator Subfields
LEADER 00000cam a2200000 4500
001 in00000093738
005 20150927070215.0
008 710622s1971 nyua b 00110 eng
010 |a  76145882  
020 |a 0824710886 
035 |a (OCoLC)00146431 
035 |9 AAL5587AM 
040 |a DLC  |c DLC  |d TXA  |d UtOrBLW 
049 |a TXAM  |c [1334429] 
050 0 0 |a TS1540  |b .C37 
082 0 |a 677/.0283 
100 1 |a Carter, Mary Eddie,  |d 1925-2003. 
245 1 0 |a Essential fiber chemistry /  |c [by] Mary E. Carter. 
264 1 |a New York :  |b M. Dekker,  |c 1971. 
300 |a vii, 216 pages :  |b illustrations ;  |c 24 cm. 
336 |a text  |b txt  |2 rdacontent 
337 |a unmediated  |b n  |2 rdamedia 
338 |a volume  |b nc  |2 rdacarrier 
490 1 |a Fiber science series 
504 |a Includes bibliographies. 
650 0 |a Textile fibers. 
650 0 |a Textile chemistry. 
830 0 |a Fiber science series. 
999 |a MARS 
999 f f |s 3da7390f-6260-372c-94f7-676261c59fb5  |i dadae969-a8cf-3708-a38a-27e7f9b79cae  |t 0 
952 f f |p ric  |a Texas A&M University  |b Rellis Campus  |c Joint Library Facility  |d Remote Storage  |t 0  |e TS1540 .C37  |h Library of Congress classification  |i unmediated -- volume  |m A14805652697 
998 f f |a TS1540 .C37  |t 0  |l Remote Storage